Statistiken für Länder Europas im Jahre 1600

Klicken Sie hier um das Quiz zu spielen!

Allgemein

  • Dieses Quiz wurde 64 mal gespielt
  • Das Durchschnittsergebnis liegt bei 14 aus 42

Antwortstatistiken

Land% Korrekt
Iberische Union
97%
Britische Krone / Britisches Empire
95%
Habsburgermonarchie / Österreich-Ungarn
95%
Königreich Frankreich
92%
Zarentum Russland
89%
Dänemark – Norwegen
85%
Königreich Schweden
84%
Herzogtum Preußen
80%
Königreich Polen und Großherzogtum Litauen
79%
Osmanisches Reich
79%
Niederländische Republik / Vereinigte Niederlande
67%
Heiliges Römisches Reich
59%
Monaco
51%
Republik Venedig
49%
Kirchenstaat
46%
San Marino
44%
Königreich Schottland
43%
Souveräne Malteserorden
36%
Republik Genua
30%
Großherzogtum Toskana
25%
Fürstentum Moldau
23%
Herzogtum Savoyen
20%
Krim-Khanat
13%
Republik Lucca
13%
Ulster
7%
Herzogtum Parma
7%
Herzogtum Modena und Reggio
7%
Herzogtum Mantua
7%
Republik Ragusa
7%
Nogaier-Horde
2%
County Tyrone
2%
Leinster
2%
Königreich Desmond
2%
Königreich Imeretien
2%
Königreich von Kartlien
2%
Königreich Kachetien
0%
Samzche Saatabago
0%
Herzogtum Urbino
0%
Repubblica di Cospaia
0%
Qasim-Kanat
0%
Herzogtum Mirandola
0%
Kasachisches Khanat
0%

Verteilung der Resultate

Perzentil nach korrekt beantworteten Fragen

Anzahl Personen mit jedem Resultat

Ihre Resultats-Entwicklung

Sie haben dieses Quiz noch nicht gespielt